| 000 | 00415nam a2200181Ia 4500 | ||
|---|---|---|---|
| 008 | 210210b1937 xxu||||| |||| 00| 0 eng d | ||
| 041 | _aeng | ||
| 082 | _a425/293 | ||
| 100 | _aTROBLE | ||
| 245 | _aFirst spelling book | ||
| 260 |
_aLondon _bOxford University Press _c1937 |
||
| 650 | _aspelling | ||
| 650 | _aFirst | ||
| 650 | _abook | ||
| 690 | _aEnglish Language | ||
| 700 | _aVALLINS | ||
| 906 | _a006069 | ||
| 999 |
_c129103 _d129103 |
||